000 00584nam a2200181Ia 4500
003 GCL
008 140319s9999 xx 000 0 ara d
040 _aGCL /
_cGCL
082 0 4 _a891.2
_bس ع
100 1 _aفاروق عبدالمعطى
245 1 0 _aعربة الصلصال الصغيرة /
_cفاروق عبدالمعطى
300 _a275 ص
490 _aمسرحيات عالمية
_v0
650 0 4 _aالادب العالمى المترجم
650 0 4 _aالمسرحيات العالمية المترجمة
650 0 4 _aالادب السنسكريتى
942 _2ddc
_cBK
999 _c51746
_d51746